[Event "Mittelfrank Regionalliga Sud-Ost 2122"]
[Site "Mittelfranken"]
[Date "2022.04.03"]
[Round "7.7"]
[White "Haimerl, Willibald"]
[Black "Senff, Rudolf"]
[Result "1/2-1/2"]
[WhiteElo "1803"]
[BlackElo "1722"]
[PlyCount "57"]
[EventDate "2021.10.24"]
[EventType "team-tourn"]
[EventRounds "9"]
[EventCountry "GER"]
[SourceTitle "EXT 2024"]
[Source "ChessBase"]
[SourceDate "2023.10.10"]
[SourceVersion "1"]
[SourceVersionDate "2023.10.10"]
[SourceQuality "1"]
[WhiteTeam "Ortenburg"]
[BlackTeam "Landau Dingolfing"]
[WhiteTeamCountry "GER"]
[BlackTeamCountry "GER"]

1. e4 e5 2. d4 exd4 3. Qxd4 Nc6 4. Qe3 b6 5. Nc3 Bc5 6. Qg3 g6 7. Bd2 Bd4 8. 0-0-0 Bg7 9. f4 d6 10. Nf3 Nge7 11. Ng5 f6 12. Nf3 Qd7 13. h3 Bb7 14. Bb5 a6 15. Be2 0-0-0 16. Qf2 Kb8 17. Rhe1 Qe6 18. Kb1 Rhe8 19. Qf1 Ka7 20. Bc4 Qc8 21. g4 Na5 22. Be2 Qa8 23. Qf2 c5 24. e5 d5 25. Kc1 d4 26. Nb1 Nac6 27. Qh4 fxe5 28. fxe5 h6 29. Qg3 1/2-1/2

[Event "Mittelfrank Regionalliga Sud-Ost 2122"]
[Site "Mittelfranken"]
[Date "2022.03.20"]
[Round "4.4"]
[White "Haimerl, Willibald"]
[Black "Schneider, Roland"]
[Result "0-1"]
[WhiteElo "1803"]
[BlackElo "2078"]
[PlyCount "102"]
[EventDate "2021.10.24"]
[EventType "team-tourn"]
[EventRounds "9"]
[EventCountry "GER"]
[SourceTitle "EXT 2024"]
[Source "ChessBase"]
[SourceDate "2023.10.10"]
[SourceVersion "1"]
[SourceVersionDate "2023.10.10"]
[SourceQuality "1"]
[WhiteTeam "Ortenburg"]
[BlackTeam "Passau II"]
[WhiteTeamCountry "GER"]
[BlackTeamCountry "GER"]

1. e4 c5 2. Nf3 d6 3. d4 cxd4 4. Nxd4 Nf6 5. Nc3 g6 6. Be3 Bg7 7. f3 0-0 8. Qd2 Nc6 9. Bc4 Bd7 10. 0-0-0 Ne5 11. Bb3 Qa5 12. Kb1 Rfc8 13. h4 Nc4 14. Bxc4 Rxc4 15. g4 Rac8 16. Nde2 Be6 17. Nd5 Qxd2 18. Nxf6+ Bxf6 19. Rxd2 a6 20. Bd4 Kg7 21. Bxf6+ Kxf6 22. Nc3 R8c5 23. Re1 h5 24. g5+ Kg7 25. Re3 f6 26. gxf6+ Kxf6 27. f4 Bf7 28. Rg3 b5 29. a3 a5 30. e5+ dxe5 31. fxe5+ Rxe5 32. b3 Rxh4 33. Rf2+ Kg7 34. Rgf3 Be6 35. a4 b4 36. Nb5 Re1+ 37. Kb2 Rhh1 38. c3 Rb1+ 39. Kc2 Bxb3+ 40. Kd3 Rbd1+ 41. Ke3 Bxa4 42. Nd4 Rhe1+ 43. Re2 Rxe2+ 44. Kxe2 bxc3 45. Ne6+ Kh6 46. Rxc3 Rd6 47. Re3 Bd7 48. Nc5 Bg4+ 49. Kf2 Rc6 50. Re5 Rf6+ 51. Ke3 Rf5 0-1

[Event "Wunsiedel op 10th"]
[Site "Wunsiedel"]
[Date "2016.05.06"]
[Round "3"]
[White "Haimerl, Willibald"]
[Black "Pamperin, Gerhard"]
[Result "1-0"]
[WhiteElo "1763"]
[BlackElo "1974"]
[PlyCount "95"]
[EventDate "2016.05.05"]
[EventType "swiss"]
[EventRounds "7"]
[EventCountry "GER"]
[SourceTitle "CBM 172 Extra"]
[Source "ChessBase"]
[SourceDate "2016.06.21"]
[SourceVersion "1"]
[SourceVersionDate "2016.06.21"]
[SourceQuality "1"]

1. e4 e6 2. d4 d5 3. e5 c5 4. c3 Nc6 5. Nf3 Bd7 6. a3 a5 7. Bd3 a4 8. 0-0 Be7 9. Re1 c4 10. Bc2 b5 11. Nbd2 f5 12. exf6 Nxf6 13. Ng5 Qc8 14. Qe2 Nd8 15. Ndf3 0-0 16. Ne5 Ra6 17. f3 Be8 18. Qf2 h6 19. Nh3 Nc6 20. Qh4 Nh5 21. Qf2 Nxe5 22. dxe5 g5 23. g4 Nf4 24. Nxf4 gxf4 25. Kg2 Qd8 26. Rd1 Kg7 27. Qd4 Qb6 28. Qxb6 Rxb6 29. Rd4 Bg5 30. h4 Bxh4 31. Bxf4 Rh8 32. Rh1 Be7 33. Rdd1 Bg6 34. Bxg6 Kxg6 35. Rh5 Rb7 36. Be3 Bf8 37. Rdh1 Rbh7 38. f4 Be7 39. f5+ exf5 40. gxf5+ Kf7 41. Kf3 Bf8 42. e6+ Ke7 43. Bc5+ Kf6 44. Bd4+ Ke7 45. Bxh8 Rxh8 46. Rg1 Rh7 47. Rg8 Rg7 48. f6+ 1-0

[Event "Deggendorf op 3rd"]
[Site "Deggendorf"]
[Date "2010.09.05"]
[Round "5"]
[White "Haimerl, Willibald"]
[Black "Huber, Stefan2"]
[Result "1/2-1/2"]
[WhiteElo "1614"]
[BlackElo "1810"]
[PlyCount "97"]
[EventDate "2010.09.03"]
[EventType "swiss"]
[EventRounds "5"]
[EventCountry "GER"]
[SourceTitle "CBM 138 Extra"]
[Source "ChessBase"]
[SourceDate "2010.10.29"]
[SourceVersion "1"]
[SourceVersionDate "2010.10.29"]
[SourceQuality "1"]

1. e4 c6 2. d4 d5 3. e5 c5 4. dxc5 Nc6 5. Bb5 e6 6. Be3 Nge7 7. Nf3 Bd7 8. Bxc6 Nxc6 9. 0-0 Qc7 10. Bd4 Nxd4 11. Qxd4 Bxc5 12. Qg4 0-0 13. c3 Qb6 14. b4 Be7 15. Nbd2 Rfc8 16. Rfc1 Bb5 17. Nd4 Bd3 18. Qf3 Bg6 19. Qe3 Qa6 20. a3 Qd3 21. Qxd3 Bxd3 22. f4 Rc7 23. Kf2 Rac8 24. Nb1 Bxb1 25. Raxb1 Rxc3 26. Rxc3 Rxc3 27. Nb5 Rc2+ 28. Kf3 a6 29. Nd4 Rc3+ 30. Kg4 g6 31. g3 h5+ 32. Kh3 b5 33. Rb3 Rxb3 34. Nxb3 Bd8 35. Kg2 Bb6 36. Kf3 Kg7 37. h3 f5 38. g4 hxg4+ 39. hxg4 Kf7 40. gxf5 gxf5 41. Ke2 Ke7 42. Kd3 Kd7 43. Ke2 Kc6 44. Kd2 d4 45. Kd3 Kd5 46. Nd2 a5 47. Nf3 axb4 48. axb4 Ba7 49. Ne1 1/2-1/2

[Event "Niederbayern-ch"]
[Site "Mamming"]
[Date "2010.06.06"]
[Round "7"]
[White "Haimerl, Willibald"]
[Black "Oberberger, Hans"]
[Result "1/2-1/2"]
[WhiteElo "1640"]
[BlackElo "1636"]
[PlyCount "66"]
[EventDate "2010.06.03"]
[EventType "swiss"]
[EventRounds "7"]
[EventCountry "GER"]
[SourceTitle "EXT 2023"]
[Source "ChessBase"]
[SourceDate "2022.10.05"]
[SourceVersion "1"]
[SourceVersionDate "2022.10.05"]
[SourceQuality "1"]

1. e4 d6 2. d4 g6 3. Nc3 Bg7 4. f4 c6 5. Nf3 Nf6 6. Bd3 0-0 7. Be3 b5 8. a3 Nbd7 9. 0-0 Ng4 10. Bd2 e5 11. fxe5 dxe5 12. d5 Qb6+ 13. Kh1 Nc5 14. Qe2 Nxd3 15. cxd3 cxd5 16. Nxd5 Qd8 17. h3 Nf6 18. Nxf6+ Qxf6 19. Rac1 Qd8 20. Rc5 f6 21. Rxb5 Rf7 22. Rd5 Rd7 23. Rxd7 Bxd7 24. Bc3 Bb5 25. Rd1 Ba4 26. Rf1 Bb5 27. Ne1 Qd7 28. Qe3 Rd8 29. Rf3 a6 30. Kg1 Rc8 31. Kh1 Rd8 32. Kh2 Qc7 33. Kh1 Qd7 1/2-1/2

[Event "Niederbayern-ch"]
[Site "Mamming"]
[Date "2010.06.03"]
[Round "1"]
[White "Haimerl, Willibald"]
[Black "Stroeher, Wolfgang"]
[Result "0-1"]
[WhiteElo "1640"]
[BlackElo "2003"]
[PlyCount "80"]
[EventDate "2010.06.03"]
[EventType "swiss"]
[EventRounds "7"]
[EventCountry "GER"]
[SourceTitle "EXT 2023"]
[Source "ChessBase"]
[SourceDate "2022.10.05"]
[SourceVersion "1"]
[SourceVersionDate "2022.10.05"]
[SourceQuality "1"]

1. e4 Nf6 2. Nc3 e5 3. Nf3 Nc6 4. Bc4 Be7 5. d3 d6 6. h3 Na5 7. Bb5+ c6 8. Ba4 b5 9. Bb3 Nxb3 10. axb3 0-0 11. Bg5 a6 12. 0-0 Be6 13. Re1 h6 14. Bd2 Nh7 15. d4 Qc7 16. Ne2 c5 17. d5 Bd7 18. c4 f5 19. exf5 Bxf5 20. Ng3 Bd7 21. Nh2 Bh4 22. Nhf1 Nf6 23. Qc2 Qc8 24. Kh2 Rb8 25. Qg6 Be8 26. Qc2 bxc4 27. bxc4 Nh5 28. Bc1 Nf4 29. Ne4 Be7 30. Bxf4 Rxf4 31. Ra3 Bg6 32. Nxd6 Bxc2 33. Nxc8 Rxc8 34. Rxe5 Bd6 35. Re6 Rf6+ 36. g3 Rxf2+ 37. Kg1 Rcf8 38. Ne3 Bxg3 39. Nxc2 Bh2+ 40. Kh1 Rxc2 0-1